000 00519 a2200181 4500
001 132982
003 OSt
005 20220331121815.0
008
020 _a047149562X
082 _a519.4
_bH24C
100 1 _aHarrison, Paul
245 1 _aComputational methods in physics, chemistry and biology : an introduction
_cby Paul Harrison
260 _aChichester
_bJohn Wiley & Sons
_c2001
300 _a201p.
690 _aMathematical physics; Numerical analysis
942 _2ddc
_cBK
999 _c7315
_d7315